Automatic feedback control system synthesis
Uloženo v:
| Hlavní autor: | |
|---|---|
| Médium: | Kniha |
| Jazyk: | angličtina |
| Vydáno: |
Nueva York
McGraw-Hill
1955
|
| Edice: | McGraw-Hill Electrical and Electronic Engineering Series
|
| Témata: | |
| Tagy: |
Přidat tag
Žádné tagy, Buďte první, kdo vytvoří štítek k tomuto záznamu!
|
MARC
| LEADER | 00000nam a2200000 a 4500 | ||
|---|---|---|---|
| 001 | UCU5032 | ||
| 003 | CL-VaPUC | ||
| 008 | 960531e19550000US |||||||||||||||||eng|d | ||
| 082 | 0 | 4 | |a 629.8 |b TRU |2 21 |
| 100 | 0 | |a Truxal, John G |e author |9 362887 | |
| 245 | 1 | 0 | |a Automatic feedback control system synthesis |
| 300 | |a 675 p | ||
| 942 | |c BK | ||
| 945 | |d 19960531 00:00:00 |a cmena | ||
| 260 | |a Nueva York |b McGraw-Hill |c 1955 | ||
| 650 | 0 | |a Control automático |9 259890 | |
| 650 | 0 | |a Servomecanismos |9 260343 | |
| 650 | 7 | |a REGULADORES |2 CL-VaPUC |9 263502 | |
| 650 | 7 | |a SISTEMAS DE CONTROL POR RETROALIMENTACION |2 CL-VaPUC |9 260651 | |
| 650 | 0 | |a Ingeniería de sistemas |9 261019 | |
| 583 | |a last modification |c 19960531 00:00:00 |k Rodrigo Vera | ||
| 490 | 0 | |a McGraw-Hill Electrical and Electronic Engineering Series | |
| 999 | |c 248545 |d 248543 | ||
| 952 | |0 0 |1 0 |4 0 |6 629_800000000000000_TRU_1955 |7 0 |8 A |9 265234 |a BIBING |b BIBING |d 2019-11-19 |i 1668455 |o 629.8 TRU 1955 |p 1668455 |r 2025-01-20 |w 2019-11-19 |y BK |k EIE | ||